| 000 | 00516nam a22001697a 4500 | ||
|---|---|---|---|
| 005 | 20170515150236.0 | ||
| 010 | _aENG-118160 | ||
| 020 |
_a9789383243167 _c2800.00 |
||
| 035 | _aEN-101692 | ||
| 037 | _bDBAD/PUB | ||
| 082 | _a954.12 | ||
| 245 |
_aPunjab / _bBuilding the land of the five rivers / _cedited by Abha Narain Lambah |
||
| 260 |
_aMumbai _bThe Marg Foundation _c2017 |
||
| 270 | _a148,M.G. Road, Mumbai 400001, India. | ||
| 300 |
_a148p. _c30cm. (Hb) |
||
| 942 |
_2ddc _cEN _h954.12 _mPUN |
||
| 999 |
_c139887 _d139887 |
||